Industrias agrícolas de lechería /
Guardado en:
| Autor Principal: | |
|---|---|
| Formato: | Libro |
| Idioma: | Spanish |
| Publicado: |
La Plata :
Centro estudiantes de agronomía,
1969.
|
| Etiquetas: |
Agregar Etiqueta
Sin Etiquetas, Sea el primero en etiquetar este registro!
|
| LEADER | 00466nam a22001455a 4500 | ||
|---|---|---|---|
| 001 | EUN.um048062 | ||
| 003 | AR-BaUNS | ||
| 005 | 20050623122916.0 | ||
| 008 | 041125s1969####ag#a##########000#0#spa#d | ||
| 245 | 1 | 0 | |a Industrias agrícolas de lechería / |c Julio L. Mulvany. |
| 260 | |a La Plata : |b Centro estudiantes de agronomía, |c 1969. | ||
| 300 | |a 2 v. : |b ilus. ; |c 21 cm. | ||
| 100 | 1 | |a Mulvany, Julio L. | |
| 082 | 0 | 4 | |a 637 |
| 859 | |a Ar-BaUNS |b BIB. CENTRAL - Sector A |h 637 |i M919 |p 99234/991 |v v.1 | ||
